HPS Method - Statistics

General Stats
  • This quiz has been taken 0 times
  • The average score is 0 of 15
Answer Stats
Answer % Correct
1% acid/alcohol
0%
Alcohol (100%)
0%
Alcohol (100%)
0%
Alcohol (100%)
0%
Alcohol (100%)
0%
Alcohol (70%)
0%
Alkaline Water
0%
Clear
0%
Harris' Hematoxylin
0%
Mic Check
0%
Phloxine
0%
Saffron
0%
Water
0%
Water
0%
Water
0%
No matching quizzes found
Score Distribution
Percent of People with Each Score
Percentile by Number Answered
Your Score History
You have not taken this quiz